Longman Lexicon of Contemporary English /

Gespeichert in:
Bibliographische Detailangaben
1. Verfasser: McArthur, Tom (Verfasst von)
Format: Buch
Sprache:Englisch
Veröffentlicht: London : Longman Group UK, 1990
Tags: Tag hinzufügen
Keine Tags, Fügen Sie das erste Tag hinzu!

MARC

LEADER 00000nam a22000003a 4500
001 stu31322
005 20150617225734.6
008 931021s1990----uk------------------eng-d
020 |a 0-582-55527-2 
040 |a STU  |b slo 
041 0 |a eng 
044 |a uk 
080 |a 802.0 
100 1 |a McArthur, Tom  |4 aut 
245 1 |a Longman Lexicon of Contemporary English /  |c [aut.] McArthur,Tom 
260 |a London :  |b Longman Group UK,  |c 1990 
300 |a 910 s 
996 |b J88886  |c J*88886  |l JJK17  |s P  |a 0  |w stu31322_0001 
996 |b J88887  |c J*88887  |l JJK17  |s P  |a 0  |w stu31322_0002 
996 |b J88888  |c J*88888  |l JJK17  |s P  |a 0  |w stu31322_0003 
996 |b J87836  |c J*87836  |l JJST  |s P  |a 0  |w stu31322_0004